书目信息 |
| 题名: |
物流与馐技术
|
|
| 作者: | 彭彦平 , 王晓敏 主编 | |
| 分册: | ||
| 出版信息: | 北京 中国轻工业出版社 2007 |
|
| 页数: | 405页 | |
| 开本: | 21cm | |
| 丛书名: | ||
| 单 册: | ||
| 中图分类: | TB48 , F252 | |
| 科图分类: | ||
| 主题词: | 物流--物资管理--高等学校--教材 , 物流 , 物资管理 , 包装技术--高等学校--教材 , 包装技术 | |
| 电子资源: | ||
| ISBN: | 978-7-5019-4292-3 | |
| 000 | 01091nam0 2200325 450 | |
| 000 | 01103nam0 2200325 450 | |
| 000 | 01036nam0 2200301 450 | |
| 000 | 01000oam2 2200289 45 | |
| 005 | 20070727172839.04 | |
| 010 | @a978-7-5019-4292-3@dCNY23.00 | |
| 100 | @a20070615d2007 em y0chiy0120 ea | |
| 101 | 0 | @achi |
| 102 | @aCN@b110000 | |
| 105 | @ay z 000yy | |
| 200 | 1 | @a物流与馐技术@AWu Liu Yu Xiu Ji Shu@f彭彦平,王晓敏主编@FPeng Yan Ping, Wang Xiao Min Zhu Bian |
| 210 | @a北京@c中国轻工业出版社@d2007 | |
| 215 | @a405页@d21cm | |
| 300 | @a高等学校专业教材 | |
| 330 | @a本书包括:物流与包装概述、物流系统、物流包装技术、物流运输技术、物流仓储技术、物流装卸搬运技术、流通加工技术、物汉集装化、物流信息系统、废弃物物流等内容。 | |
| 606 | 0 | @a物流@x物资管理@x高等学校@j教材 |
| 606 | 0 | @a物流 |
| 606 | 0 | @a物资管理 |
| 606 | 0 | @a包装技术@x高等学校@j教材 |
| 606 | 0 | @a包装技术 |
| 690 | @aTB48@v4 | |
| 690 | @aF252@v4 | |
| 701 | 0 | @a彭彦平@APeng Yan Ping@4主编 |
| 701 | 0 | @a王晓敏@AWang Xiao Min@4主编 |
| 801 | 0 | @aCN@bTAOJIN@c20070727 |
| 905 | @a10447@dF252@e106 | |
| 物流与馐技术/彭彦平,王晓敏主编.-北京:中国轻工业出版社,2007 |
| 405页;21cm |
| 高等学校专业教材 |
| ISBN 978-7-5019-4292-3:CNY23.00 |
| 本书包括:物流与包装概述、物流系统、物流包装技术、物流运输技术、物流仓储技术、物流装卸搬运技术、流通加工技术、物汉集装化、物流信息系统、废弃物物流等内容。 |
| ● |
| 相关链接 |
|
|
|
|
正题名:物流与馐技术
索取号:F252/106
 
预约/预借
| 序号 | 登录号 | 条形码 | 馆藏地/架位号 | 状态 | 备注 |
| 1 | 0822088 | 208220888 | 第一样本阅览室/ [索取号:F252/106] | 在馆 | |
| 2 | 0822089 | 208220897 | 第一借阅区/ [索取号:F252/106] | 在馆 | |
| 3 | 0822090 | 208220904 | 第一借阅区/ [索取号:F252/106] | 在馆 | |
| 4 | 0822091 | 208220913 | 第一借阅区/ [索取号:F252/106] | 在馆 | |
| 5 | 0822092 | 208220922 | 第一借阅区/ [索取号:F252/106] | 在馆 |